Responses for Show #8097 - Tuesday, November 19, 2019

Contestants

[<< previous game]

Sathvik Namburar, a medical student from Lebanon, New Hampshire

Shannon Jamison, a technical product owner from Henrico, Virginia

Kevin Jones, a retired IT project manager from Galloway, Ohio (whose 1-day cash winnings total $15,600)

[next game >>]

Jeopardy! Round responses

FIREBOATS OF BOSTON
AUTHORS' FICTIONAL PLACES
SO YUMMY THEY NAMED IT TWICE
"VO"CABULARY TEST
HISTORICAL HODGEPODGE
BASKETBALL: PIC & ROLE
    $200 30
(Sathvik: What is the Navy?)

the Coast Guard

KevinSathvik
    $200 9
(C.S.) Lewis

Sathvik
    $200 6
tartar sauce

Shannon
    $200 22
voltage

Kevin
    $200 17
Catherine the Great

Kevin
    $200 1
Space Jam

Kevin
    $400 10
gallons per minute

Sathvik
    $400 14
(Sathvik: Who... is... )(Shannon: Who is "Mill-nee"?)

(A.A.) Milne

ShannonSathvik
    $400 7
pu pu platter

Kevin
    $400 23
vocation

Shannon
    $400 18
New Orleans

Kevin
    $400 2
White Men Can't Jump

Shannon
    $600 11
Diesel

Kevin
    $600 15
(Sathvik: Who is Baum?)

(Roald) Dahl

ShannonSathvik
    $600 8
couscous

Shannon
    $600 24
vogue

Shannon
    $600 19
(Kevin: What is Tanganyika?)

Zanzibar

Kevin
Triple Stumper
    $600 3
love

Sathvik
    $800 28
combustion

Sathvik
    $800 16
(Shannon: Who's Orwell?)

(Suzanne) Collins

ShannonSathvik
    $800 12
mahi-mahi

Shannon
    $800 25
a voice vote

Triple Stumper
    $800 20
(Alexander) Haig

Shannon
    $800 4
(Kevin) Durant

Sathvik
    $1000 29
catamaran

Kevin
    $1000 26
(Garrison) Keillor

Shannon
    $1000 13
(Sathvik: What is hot pot?)

shabu shabu

Sathvik
Triple Stumper
    $1000 27
a vortex

Sathvik
    $1,000 21
(Shannon: What is... communism?)

the Iron Curtain

Shannon
    $1000 5
Celtic

Kevin

Scores at the first commercial break (after clue 15):

Kevin Shannon Sathvik
$2,200 $3,000 $0

Scores at the end of the Jeopardy! Round:

Kevin Shannon Sathvik
$3,600 $4,000 $2,400

Double Jeopardy! Round responses

CHARACTERS IN THE AENEID
MISLEADING NAMES
11-LETTER WORDS
HUSBANDS & WIVES
HIT TUNES
ISLANDS IN THE "C"
    $400 25
Rome

Shannon
    $400 18
10-gallon

Kevin
    $400 13
carnivorous

Shannon
    $400 2
Ferdinand and Isabelle

Sathvik
    $400 24
"Shallow"

Shannon
    $400 1
(Shannon: What is CuraƧao?)
(Sathvik: What is Grand Cayman?)

the Caribbean

ShannonSathvik
Triple Stumper
    $800 26
Carthage

Sathvik
    $800 19
a meteor

Kevin
    $800 14
foreclosure

Shannon
    $800 3
(Frida) Kahlo

Sathvik
    $800 10
(Sathvik: What is Sundown?)

Sunset

ShannonSathvik
    $800 5
the Sea of Cortez

Kevin
    $1,000 27
(Sathvik: What is a horse? A [*]?)

a wooden horse (the Trojan Horse)

Sathvik
    $1200 20
a guinea pig

Sathvik
    $1200 17
an affectation

Kevin
    $1200 4
Sharon Tate

Kevin
    $1200 11
(Paul) McCartney

Sathvik
    $1200 6
the Columbia

Sathvik
    $1600 28
Neptune

Shannon
    $1600 21
sweetbreads

Kevin
    $2,000 23
misanthrope

Sathvik
    $1600 7
Mandela

Sathvik
    $1600 15
Lil Wayne

Triple Stumper
    $1600 9
the Congo

Shannon
    $2000 30
the Furies

Kevin
    $2000 22
the ulnar nerve

Sathvik
    $2000 29
(Kevin: What is pancake?)

greasepaint

Kevin
Triple Stumper
    $2000 8
Heloise

Shannon
    $2000 16
Drew Barrymore

Shannon
    $2000 12
the Coral Sea

Sathvik

Scores at the end of the Double Jeopardy! Round:

Kevin Shannon Sathvik
$9,600 $13,600 $15,400

[wagering suggestions for these scores]

Final Jeopardy! Round responses

BUSINESS & INDUSTRY
KevinWhat is Blockbuster?
$9,000
ShannonWhat is Eddie Bauer?
$5,601
SathvikWhat is Blockbuster
$11,801
Blockbuster

Final scores:

Kevin Shannon Sathvik
$18,600 $7,999 $27,201
2nd place: $2,000 3rd place: $1,000 New champion: $27,201

Game dynamics:

Coryat scores:

Kevin Shannon Sathvik
$9,600 $14,600 $15,200
16 R,
2 W
19 R,
3 W
(including 1 DD)
18 R
(including 2 DDs),
6 W

Combined Coryat: $39,400

[game clues] [game scores] [suggest correction]

Game tape date: 2019-09-24
The J! Archive is created by fans, for fans. Scraping, republication, monetization, and malicious use prohibited; this site may use cookies and collect identifying information. See terms. The Jeopardy! game show and all elements thereof, including but not limited to copyright and trademark thereto, are the property of Jeopardy Productions, Inc. and are protected under law. This website is not affiliated with, sponsored by, or operated by Jeopardy Productions, Inc. Join the discussion at JBoard.tv.